=LDR 00000nam 2200000 4500 =001 INLIS000000000018094 =005 20210215101443 =035 ##$$a 0010-061300000018094 =008 210215################g##########0#ind## =041 ##$$a Ind =082 ##$$a 336.24 =090 ##$$a 336.24, Sum p =100 1#$$a Sumitro, H. Rakhmat =245 1#$$a Pajak penghasilan /$c Prof Dr. H. Rachmat Soemitro, SH =260 ##$$a Bandung :$b Eresco,$c 1993 =300 ##$$a xi, 398 hlm ; $c 21x14 cm =650 #4$$a Pajak =850 ##$$a NBPNMAT =020 ##$$a 979-8020-20-0 =084 ##$$a 336.24 SUM p =250 ##$$a cet.1 =990 ##$$a 20603295 =990 ##$$a 20603293 =990 ##$$a 20603294 =990 ##$$a 20603295 =990 ##$$a 20603293 =990 ##$$a 20603295 =990 ##$$a 20603294 =990 ##$$a 20603295